000 00638nam a2200217Ia 4500
001 9411
003 GE_BSU
008 181216s||||||||xx |||||||||||||| ||und||
040 _cGE_BSU
100 _aმიშველაძე,რევაზ
245 _aმახე
245 _bნოველები
245 _cრედ.ნ.ლორთქიფანიძე.მხატვ.ზ.დეისაძე
260 _aთბილისი
260 _bნაკადული
260 _c1990
300 _a384გვ.ილ.20სმ.
653 _aმახე
653 _aნოველები
942 _cBK
999 _c42705
_d42705